书目信息 |
| 题名: |
探索
|
|
| 作者: | 张皓若 著 | |
| 分册: | ||
| 出版信息: | 北京 中国计划出版社 2002.02 |
|
| 页数: | 560页 | |
| 开本: | 21cm | |
| 丛书名: | ||
| 单 册: | ||
| 中图分类: | F121 | |
| 科图分类: | ||
| 主题词: | 社会主义经济--市场经济--经济体制--研究--中国 | |
| 电子资源: | ||
| ISBN: | 7-80177-033-1 | |
| 000 | 00844nam0 22002417 450 | |
| 001 | 192004003291 | |
| 005 | 20070914165244.64 | |
| 010 | @a7-80177-033-1@dCNY35.00 | |
| 100 | @a20070602d2002 ekmy0chiy0121 ea | |
| 101 | 0 | @achi |
| 102 | @aCN@b110000 | |
| 105 | @ay z 000yy | |
| 200 | 1 | @a探索@Atan suo@e建立社会主义市场经济新体制@f张皓若著 |
| 210 | @a北京@c中国计划出版社@d2002.02 | |
| 215 | @a560页@d21cm | |
| 300 | @a其他题名:建立社会主义市场经济新体制 | |
| 330 | @a本书包括加快建立新体制的步伐、开创改革工作的新局面、力求在相关改革上有所突破、迈向新世纪的中国改革等。 | |
| 517 | 1 | @a建立社会主义市场经济新体制@Ajian li she hui zhu yi shi chang jing ji xin ti zhi |
| 606 | 0 | @a社会主义经济@x市场经济@x经济体制@x研究@y中国 |
| 690 | @aF121@v4 | |
| 701 | 0 | @a张皓若@Azhang hao ruo@4著 |
| 801 | 0 | @aCN@c20070914 |
| 905 | @dF121@eZ115 | |
| 探索:建立社会主义市场经济新体制/张皓若著.-北京:中国计划出版社,2002.02 |
| 560页;21cm |
| 其他题名:建立社会主义市场经济新体制 |
| ISBN 7-80177-033-1:CNY35.00 |
| 本书包括加快建立新体制的步伐、开创改革工作的新局面、力求在相关改革上有所突破、迈向新世纪的中国改革等。 |
| ● |
| 相关链接 |
|
|
|
正题名:探索
索取号:F121/Z115
 
预约/预借
| 序号 | 登录号 | 条形码 | 馆藏地/架位号 | 状态 | 备注 |
| 1 | 618729 | 206187295 | 社科库409/409社科库 68排2列5层/ [索取号:F121/Z115] | 在馆 | |
| 2 | 618730 | 206187302 | 社科二线422/409社科库 109排1列5层/ [索取号:F121/Z115] | 在馆 | |
| 3 | 618731 | 206187311 | 社科二线422/409社科库 68排2列5层/ [索取号:F121/Z115] | 在馆 |